000 00218 a2200097 4500
001 13888
100 _aLessing Doris
245 _aA Ripple From the Storm
260 _aLondon
_bA Pan the Book
_c
090 _c10856
_d10856
942 _aNUST-CAE
_cM
_c954
999 _c248961
_d248961